01399nam a2200241Ia 4500008004100000020002200041050001800063245011400081250001000195260002300205300001700228500025000245650003400495650002600529700004000555942001200595952009500607952010700702952010700809952011200916952011201028999001701140120626s9999 xx 000 0 und d a978-968-24-4100-404aQ180 P76 199010aEl protocolo de investigación: lineamientos para su elaboración y análisis cIgnacio Méndez Ramìrez a2a ed aMéxico bTrillas a210 paginas. aEducación Mixta, Lic. MAX, Psicología, Metodología de la Investigación, M01-1 .Contiene: Introducción \ Prefacio a la primera reimpresión \ Agradecimientos \ Índice de contenido \ Bibliografía de consulta \ Índice alfabético17aINVESTIGACIÓN-METODOLOGÍA17aCIENCIA-METODOLOGÍA1 aMÉNDEZ RAMÍREZ, Ignacio, coaut. cLB2ddc 00104070a07b07d2011-01-14l0oQ180 P76 1990p07 001659r2012-06-26t1w2012-06-26yLB 00104070a07b07d2011-01-14l1oQ180 P76 1990p07 001660r2013-01-22s2013-01-22t2w2012-06-26yLB 00104070a07b07d2011-08-08l4oQ180 P76 1990p07 002032r2017-09-04s2017-08-10t3w2012-06-26yLB 00102lcc4070a07b07d2013-03-20l1oQ180 P76 1990p07 003825r2019-10-09s2013-03-23t4w2013-03-20yLB 00102lcc4070a07b07d2015-03-10l1oQ180 P76 1990p07 004991r2019-10-09s2015-10-21t5w2015-03-10yLB c66463d66463